La heterogeneidad doctrinal en el Tribunal Supremo jurisdiccin̤ materialble

Detalles Bibliográficos
Autor principal: Cancio Fernǹdez, Ral︢ C.
Formato: eBook
Lenguaje:español
Publicado: Alicante : Editorial Club Universitario, 2011
Materias:
Acceso en línea:http://www.vlex.com/source/7372

MARC

LEADER 00000nam a22000007a 4500
005 20130304184157.0
007 cr|||| ||||
008 130304e2011 sp |||||s|||| 00||0 spa d
020 |a 978-84-9948-514-0 
035 |a 7372 
040 |a vLex 
090 |c 3827  |d 3827 
100 1 0 |a Cancio Fernǹdez, Ral︢ C.  
245 1 3 |a La heterogeneidad doctrinal en el Tribunal Supremo  |b jurisdiccin̤ materialble  |h [Recurso electrn̤ico]  |c / Ral︢ C. Cancio Fernǹdez  
256 |a Servicio en ln̕ea 
260 |a Alicante :   |b Editorial Club Universitario,   |c 2011 
300 |a 1 Recurso electrn̤ico 
506 |d vLex Global  |d vLex Global (Academic Edition, excluding Law Schools)  |d vLex Global (U.S. Academic Edition, Law Schools)  |d vLex Global (U.S. Academic Edition, excluding Law Schools)  |d vLex Global (Academic Edition, Law Schools) 
650 0 4 |a Administracin̤ de Justicia 
650 0 4 |a Jurisprudencia 
650 0 4 |a Tribunal Supremo 
650 0 4 |a Derecho constitucional 
740 |a vLex Libros (Servicio en ln̕ea) 
856 |a Acceso restringido  |u http://www.vlex.com/source/7372 
942 |c BOOK 
999 0 |a Jurisprudence